Football par lettre - F - Statistiques

Statistiques générales
  • Ce quiz a été pris 227 fois
  • Le résultat moyen est 12 sur 15
Statistiques - réponses
Questions Réponses % Correct
Quel sigle de deux lettres est très souvent associé aux clubs de foot ? FC
99%
Quel milieu offensif, champion du monde 2018, a brillé à l'OL ainsi qu'au Bétis Séville ? Nabil Fékir
91%
Quel mythique entraîneur de foot écossais a pris les reines de Manchester United de 1986 à 2013 ? Alex Ferguson
89%
Quel milieu offensif portugais porte sur ses épaules Manchester United depuis 2020 ? Bruno Fernandes
89%
Quel attaquant brésilien a remporté la Ligue des Champions en 2019 avec Liverpool ? Roberto Firmino
89%
Quel ailier portugais a remporté le Ballon d'Or en 2000 ? Luis Figo
86%
Quel club allemand a remporté la Ligue Europa en 2022 ? Eintracht Francfort
85%
Quel est la traduction anglaise du terme de Coup Franc ? Free-Kick
83%
Quel géant milieu de terrain belge est connu pour sa chevelure touffue ? Marouane Fellaini
81%
Quel attaquant uruguayen a été élu meilleur joueur de la Coupe du Monde 2010 ? Diego Forlan
80%
Quel défenseur anglais a formé une charnière centrale solide aux côtés de Nemanja Vidic à Manchester United ? Rio Ferdinand
73%
Quel milieu offensif espagnol a évolué au Barça, à Chelsea ou encore Arsenal ? Cesc Fabregas
66%
Après le départ de David Silva, quel milieu défensif brésilien est devenu capitaine ? Fernandinho
66%
Quel club anglais a ses joueurs surnommés les "Cottagers" ? FC Fulham
64%
Quel autre club de foot allemand termine souvent dans le haut de tableau ces dernières années ? SC Fribourg
56%
Aucun quiz correspondant
Distribution des résultats
% des personnes avec chaque résultat
Percentile par nombre de réponses
Votre historique - résultats
Vous n’avez pas pris ce quiz